[Event "4NCL (GBR-chT 9394)"]
[Site "Cheltenham"]
[Date "1994.01.23"]
[Round "6.4"]
[White "Pritchett, Craig"]
[Black "Beaumont, Chris"]
[Result "1/2-1/2"]
[WhiteElo "2360"]
[BlackElo "2365"]
[PlyCount "83"]
[EventDate "1994.01.23"]
[EventType "team"]
[EventCountry "ENG"]
[WhiteTeam "Barbican"]
[BlackTeam "Bristol"]
[WhiteTeamCountry "ENG"]
[BlackTeamCountry "ENG"]

1. Nf3 g6 2. c4 Bg7 3. e4 c5 4. d4 Qa5+ 5. Bd2 Qb6 6. Bc3 Nc6 7. dxc5 Bxc3+ 8.
Nxc3 Qxb2 9. Nd5 Nf6 10. Rb1 Qxa2 11. Bd3 Qa5+ 12. Qd2 Qxd2+ 13. Kxd2 O-O 14.
Rhe1 Kg7 15. e5 Ne8 16. Kc3 Rb8 17. Bc2 d6 18. Ba4 Bd7 19. Bxc6 Bxc6 20. Nxe7
Bxf3 21. gxf3 dxe5 22. c6 b6 23. Red1 Nf6 24. c7 Rbc8 25. Nxc8 Rxc8 26. Re1 Nd7
27. f4 Rxc7 28. fxe5 Nc5 29. f3 Kf8 30. h4 h5 31. Rbd1 Ke7 32. Kb4 Ne6 33. Re4
Rc6 34. Rf1 Nc5 35. Rd4 Ne6 36. Re4 Nc5 37. Rd4 Ne6 38. Rd2 Nf4 39. Re1 Ne6 40.
Re4 Nc5 41. Red4 Rc7 42. Rd6 1/2-1/2

[Event "4NCL (GBR-chT 9394)"]
[Site "Cheltenham"]
[Date "1994.01.23"]
[Round "6.5"]
[White "Burgess, Graham"]
[Black "Britton, Richard"]
[Result "0-1"]
[WhiteElo "2300"]
[BlackElo "2305"]
[PlyCount "72"]
[EventDate "1994.01.23"]
[EventType "team"]
[EventCountry "ENG"]
[WhiteTeam "Bristol"]
[BlackTeam "Barbican"]
[WhiteTeamCountry "ENG"]
[BlackTeamCountry "ENG"]

1. e4 c5 2. d4 cxd4 3. c3 dxc3 4. Nxc3 Nc6 5. Nf3 d6 6. Bc4 e6 7. O-O Be7 8.
Qe2 a6 9. Rd1 Qc7 10. Bf4 b5 11. Bb3 Ne5 12. Bxe5 dxe5 13. Rac1 Qb8 14. a4 b4
15. a5 bxc3 16. Ba4+ Kf8 17. Rxc3 Nf6 18. Rdc1 Bd7 19. Bxd7 Nxd7 20. Rc7 Nc5
21. R7xc5 Bxc5 22. Rxc5 Qd6 23. Qc2 Rd8 24. h4 Qd1+ 25. Qxd1 Rxd1+ 26. Kh2 Ke7
27. Rc7+ Rd7 28. Rc6 f6 29. Rxa6 Rb8 30. Kg3 Rxb2 31. Ra8 Rbb7 32. Rh8 Rd8 33.
Rxh7 Kf7 34. Kg4 Kg8 35. Rh5 g6 36. Rh6 Kg7 0-1

[Event "4NCL (GBR-chT 9394)"]
[Site "Cheltenham"]
[Date "1994.01.23"]
[Round "6.6"]
[White "Lewis, Andrew P"]
[Black "Ansell, Simon T"]
[Result "0-1"]
[WhiteElo "2330"]
[BlackElo "2290"]
[PlyCount "110"]
[EventDate "1994.01.23"]
[EventType "team"]
[EventCountry "ENG"]
[WhiteTeam "Barbican"]
[BlackTeam "Bristol"]
[WhiteTeamCountry "ENG"]
[BlackTeamCountry "ENG"]

1. c4 Nf6 2. Nc3 c5 3. Nf3 e6 4. g3 b6 5. Bg2 Bb7 6. O-O Be7 7. d4 cxd4 8. Qxd4
Nc6 9. Qd3 a6 10. Bf4 O-O 11. Rfd1 Qc8 12. Rac1 d6 13. Na4 e5 14. Nxb6 Qb8 15.
Nxa8 Qxa8 16. Be3 e4 17. Qc3 exf3 18. Bxf3 Rc8 19. Bf4 d5 20. cxd5 Nb4 21.
Qxc8+ Bxc8 22. d6 Nbd5 23. dxe7 Be6 24. Bd6 Qe8 25. Rc7 Nxc7 26. Bxc7 Bd7 27.
Bd6 h6 28. Rc1 Kh7 29. Rc7 Ng8 30. Ra7 Nxe7 31. Rxa6 Bc6 32. Bxe7 Bxf3 33. exf3
Qxe7 34. Ra3 Qe2 35. Rb3 g5 36. Kg2 h5 37. h3 Qe6 38. Ra3 Qc6 39. Rc3 Qd5 40.
Rb3 g4 41. hxg4 hxg4 42. Ra3 gxf3+ 43. Kh2 Qh5+ 44. Kg1 Qg4 45. b4 f5 46. b5
Qd4 47. Re3 Qd5 48. Kh2 Kh6 49. b6 Kg5 50. Rb3 Qb7 51. Kg1 f4 52. Rb5+ Kf6 53.
Rb4 fxg3 54. fxg3 Kg5 55. Kf2 Qe7 0-1

[Event "4NCL (GBR-chT 9394)"]
[Site "Cheltenham"]
[Date "1994.01.23"]
[Round "6.7"]
[White "Truran, Michael"]
[Black "Byway, Paul"]
[Result "1/2-1/2"]
[WhiteElo "2272"]
[BlackElo "2295"]
[PlyCount "50"]
[EventDate "1994.01.23"]
[EventType "team"]
[EventCountry "ENG"]
[WhiteTeam "Bristol"]
[BlackTeam "Barbican"]
[WhiteTeamCountry "ENG"]
[BlackTeamCountry "ENG"]

1. d4 Nf6 2. c4 e6 3. Nc3 Bb4 4. Qc2 d5 5. cxd5 exd5 6. Bg5 O-O 7. e3 c5 8.
dxc5 Nbd7 9. a3 Qa5 10. Rc1 Bxc3+ 11. Qxc3 Qxc3+ 12. bxc3 Ne4 13. Bf4 Ndxc5 14.
f3 Nb3 15. Rd1 Nxc3 16. Rd3 d4 17. exd4 Nd5 18. Rxb3 Nxf4 19. g3 Ne6 20. Ne2 b6
21. d5 Nc5 22. Re3 Ba6 23. Nc3 Rfe8 24. Rxe8+ Rxe8+ 25. Kd2 Nb3+ 1/2-1/2

[Event "4NCL (GBR-chT 9394)"]
[Site "Cheltenham"]
[Date "1994.01.23"]
[Round "6.1"]
[White "Emms, John"]
[Black "Martin, Andrew"]
[Result "1-0"]
[WhiteElo "2455"]
[BlackElo "2425"]
[PlyCount "75"]
[EventDate "1994.01.23"]
[EventType "team"]
[EventCountry "ENG"]
[WhiteTeam "Invicta Knights"]
[BlackTeam "Covent Garden"]
[WhiteTeamCountry "ENG"]
[BlackTeamCountry "ENG"]

1. e4 Nf6 2. e5 Nd5 3. d4 d6 4. Nf3 Bg4 5. Be2 e6 6. O-O Be7 7. c4 Nb6 8. Nc3
O-O 9. Be3 a6 10. b3 d5 11. c5 N6d7 12. h3 Bh5 13. b4 Nc6 14. Rb1 f6 15. exf6
Bxf6 16. a4 a5 17. b5 Nb4 18. Qd2 e5 19. dxe5 Nxe5 20. Nxe5 Bxe2 21. Nxe2 Bxe5
22. Bd4 Qf6 23. Bxe5 Qxe5 24. Nd4 Rae8 25. Rbe1 Qf6 26. Rxe8 Rxe8 27. c6 b6 28.
Re1 Re5 29. Rxe5 Qxe5 30. f3 h6 31. Kf2 Kf7 32. g3 Kf6 33. h4 Kf7 34. Qe3 Qxe3+
35. Kxe3 Na2 36. Kd2 Kf6 37. f4 h5 38. f5 1-0

[Event "4NCL (GBR-chT 9394)"]
[Site "Cheltenham"]
[Date "1994.01.23"]
[Round "6.2"]
[White "Littlewood, Paul"]
[Black "King, Daniel"]
[Result "1-0"]
[WhiteElo "2460"]
[BlackElo "2455"]
[PlyCount "59"]
[EventDate "1994.01.23"]
[EventType "team"]
[EventCountry "ENG"]
[WhiteTeam "Covent Garden"]
[BlackTeam "Invicta Knights"]
[WhiteTeamCountry "ENG"]
[BlackTeamCountry "ENG"]

1. d4 e6 2. c4 Bb4+ 3. Nc3 Nf6 4. Nf3 c5 5. e3 O-O 6. Bd3 d5 7. O-O Nc6 8. cxd5
exd5 9. a3 Bxc3 10. bxc3 Bg4 11. Bb2 Na5 12. Qe1 Bxf3 13. gxf3 Nh5 14. Kh1 Qh4
15. Rg1 Qh3 16. Qd1 c4 17. Be2 Nb3 18. Rb1 f5 19. Rg5 Rae8 20. Qc2 Kh8 21. Rbg1
g6 22. a4 Rf6 23. f4 Ng7 24. R5g3 Qh4 25. Bf3 Rd8 26. Ba3 Re6 27. Qe2 Rc6 28.
Rg5 Ne8 29. Be7 Rd7 30. Rxg6 1-0

[Event "4NCL (GBR-chT 9394)"]
[Site "Cheltenham"]
[Date "1994.01.23"]
[Round "6.3"]
[White "Ward, Chris"]
[Black "Wall, Gavin"]
[Result "1-0"]
[WhiteElo "2460"]
[BlackElo "2295"]
[PlyCount "49"]
[EventDate "1994.01.23"]
[EventType "team"]
[EventCountry "ENG"]
[WhiteTeam "Invicta Knights"]
[BlackTeam "Covent Garden"]
[WhiteTeamCountry "ENG"]
[BlackTeamCountry "ENG"]

1. d4 f5 2. Bg5 c5 3. dxc5 Na6 4. e4 fxe4 5. Bxa6 bxa6 6. Nc3 Bb7 7. Qd4 Nf6 8.
O-O-O Qc7 9. Bxf6 gxf6 10. Nd5 Qc6 11. Qxe4 O-O-O 12. Qf4 e6 13. Ne3 Bxc5 14.
Nf3 Rhf8 15. Rd3 d5 16. Nd4 Bxd4 17. Qxd4 Kb8 18. f4 Rc8 19. f5 exf5 20. Rf1
Rfe8 21. Rc3 Qd6 22. Rxc8+ Kxc8 23. Nxf5 Qxh2 24. Qxf6 Kb8 25. Nd6 1-0

[Event "4NCL (GBR-chT 9394)"]
[Site "Cheltenham"]
[Date "1994.01.23"]
[Round "6.4"]
[White "Harley, Andrew"]
[Black "McDonald, Neil"]
[Result "1/2-1/2"]
[WhiteElo "2315"]
[BlackElo "2395"]
[PlyCount "48"]
[EventDate "1994.01.23"]
[EventType "team"]
[EventCountry "ENG"]
[WhiteTeam "Covent Garden"]
[BlackTeam "Invicta Knights"]
[WhiteTeamCountry "ENG"]
[BlackTeamCountry "ENG"]

1. e4 e6 2. d4 d5 3. Nc3 dxe4 4. Nxe4 Bd7 5. Nf3 Bc6 6. Bd3 Nd7 7. O-O Ngf6 8.
Neg5 Bd6 9. Re1 h6 10. Nh3 Bxf3 11. Qxf3 c6 12. Nf4 Qa5 13. c3 O-O 14. Qh3 Rfe8
15. Be3 Qc7 16. g3 e5 17. dxe5 Rxe5 18. Be2 Rae8 19. Nd3 R5e7 20. Bf3 Nc5 21.
Bxc5 Rxe1+ 22. Rxe1 Rxe1+ 23. Nxe1 Bxc5 24. Nd3 Bb6 1/2-1/2

[Event "4NCL (GBR-chT 9394)"]
[Site "Cheltenham"]
[Date "1994.01.23"]
[Round "6.5"]
[White "Watson, Ian"]
[Black "Berntsen, Sheila"]
[Result "1/2-1/2"]
[WhiteElo "2328"]
[BlackElo "2080"]
[PlyCount "43"]
[EventDate "1994.01.23"]
[EventType "team"]
[EventCountry "ENG"]
[WhiteTeam "Invicta Knights"]
[BlackTeam "Covent Garden"]
[WhiteTeamCountry "ENG"]
[BlackTeamCountry "ENG"]

1. g3 g6 2. Bg2 Bg7 3. d3 d5 4. Nf3 e6 5. O-O Ne7 6. e4 O-O 7. c3 c5 8. e5 d4
9. c4 Nec6 10. Re1 Nd7 11. Bf4 h6 12. h4 Rb8 13. Qd2 Kh7 14. Na3 a6 15. Qe2 b5
16. h5 b4 17. hxg6+ fxg6 18. Nb1 Ne7 19. Nbd2 Nf5 20. Ne4 Rb6 21. g4 Nh4 22.
Bg3 1/2-1/2

[Event "4NCL (GBR-chT 9394)"]
[Site "Cheltenham"]
[Date "1994.01.23"]
[Round "6.6"]
[White "Goldberg, Jeff"]
[Black "Bibby, Simon"]
[Result "1/2-1/2"]
[WhiteElo "2088"]
[BlackElo "2290"]
[PlyCount "46"]
[EventDate "1994.01.23"]
[EventType "team"]
[EventCountry "ENG"]
[WhiteTeam "Covent Garden"]
[BlackTeam "Invicta Knights"]
[WhiteTeamCountry "ENG"]
[BlackTeamCountry "ENG"]

1. d4 Nf6 2. Nf3 g6 3. Bf4 Bg7 4. e3 O-O 5. c3 d6 6. h3 b6 7. Be2 Ba6 8. O-O c5
9. Bxa6 Nxa6 10. Qe2 Nc7 11. e4 Ne6 12. Bc1 d5 13. e5 Ne4 14. Nbd2 Nxd2 15.
Bxd2 Rc8 16. Be3 Qd7 17. Rfd1 cxd4 18. cxd4 Rc4 19. b3 Rc6 20. Rac1 Rfc8 21.
Qd2 R8c7 22. Rxc6 Rxc6 23. Rc1 Rxc1+ 1/2-1/2

[Event "4NCL (GBR-chT 9394)"]
[Site "Cheltenham"]
[Date "1994.01.23"]
[Round "6.7"]
[White "Dickenson, Neil"]
[Black "Dunworth, Chris"]
[Result "1-0"]
[WhiteElo "2232"]
[BlackElo "2245"]
[PlyCount "95"]
[EventDate "1994.01.23"]
[EventType "team"]
[EventCountry "ENG"]
[WhiteTeam "Invicta Knights"]
[BlackTeam "Covent Garden"]
[WhiteTeamCountry "ENG"]
[BlackTeamCountry "ENG"]

1. d4 g6 2. e4 Bg7 3. Nf3 d6 4. Be2 Nc6 5. O-O Bg4 6. Be3 e5 7. c3 Nf6 8. d5
Bxf3 9. Bxf3 Ne7 10. c4 O-O 11. c5 Ne8 12. Qb3 f5 13. Qxb7 Nf6 14. cxd6 cxd6
15. Nc3 f4 16. Bxa7 Rf7 17. Bb6 Qf8 18. Bc7 g5 19. Bxd6 g4 20. Bd1 f3 21. Qb4
fxg2 22. Kxg2 Nh5 23. Ne2 Qd8 24. Bxe7 Rxe7 25. d6 Rd7 26. Bb3+ Kh8 27. Rad1
Qh4 28. Be6 Nf4+ 29. Nxf4 exf4 30. f3 g3 31. h3 Rdd8 32. Rd2 Rab8 33. Qc5 Qf6
34. Bb3 Rbc8 35. Qf5 Qh6 36. d7 Rb8 37. e5 Rb5 38. Re1 Qb6 39. Qf7 Rxb3 40.
axb3 Qa5 41. Qd5 Qb4 42. e6 Qe7 43. Qd6 Bf6 44. Qxe7 Bxe7 45. Rc2 Kg7 46. Rc8
Kf6 47. Re4 h5 48. b4 1-0

[Event "4NCL (GBR-chT 9394)"]
[Site "Cheltenham"]
[Date "1994.01.23"]
[Round "6.8"]
[White "Hinks-Edwards, Tom"]
[Black "Scott, SC."]
[Result "1-0"]
[WhiteElo "2205"]
[BlackElo "1832"]
[PlyCount "81"]
[EventDate "1994.01.23"]
[EventType "team"]
[EventCountry "ENG"]
[WhiteTeam "Covent Garden"]
[BlackTeam "Invicta Knights"]
[WhiteTeamCountry "ENG"]
[BlackTeamCountry "ENG"]

1. e4 e6 2. d4 d5 3. Nc3 dxe4 4. Nxe4 Bd7 5. Nf3 Bc6 6. Bd3 Nd7 7. O-O Ngf6 8.
Neg5 Bd6 9. Re1 h6 10. Nh3 Bxf3 11. Qxf3 c6 12. Bf4 Bxf4 13. Nxf4 O-O 14. Re2
Nd5 15. Nxd5 cxd5 16. Qh3 Qg5 17. Rf1 h5 18. f4 Qh6 19. f5 exf5 20. Rxf5 Nf6
21. Qe3 Qxe3+ 22. Rxe3 Rae8 23. Rfe5 Rxe5 24. Rxe5 Re8 25. Rxe8+ Nxe8 26. Kf2
Nf6 27. Kf3 Kf8 28. b3 Ke7 29. c4 Kd6 30. c5+ Kc6 31. b4 a6 32. a4 b5 33. axb5+
axb5 34. Kf4 Ng4 35. h3 Nf2 36. Bc2 g6 37. Kf3 Ne4 38. Bxe4 dxe4+ 39. Kxe4 f6
40. d5+ Kd7 41. Kf4 1-0

[Event "4NCL (GBR-chT 9394)"]
[Site "Cheltenham"]
[Date "1994.01.23"]
[Round "6.1"]
[White "Summerscale, Aaron"]
[Black "Howell, James"]
[Result "1/2-1/2"]
[WhiteElo "2355"]
[BlackElo "2505"]
[PlyCount "153"]
[EventDate "1994.01.23"]
[EventType "team"]
[EventCountry "ENG"]
[WhiteTeam "Slough"]
[BlackTeam "North West Eagles"]
[WhiteTeamCountry "ENG"]
[BlackTeamCountry "ENG"]

1. d4 d5 2. Nf3 c5 3. c3 cxd4 4. cxd4 Nf6 5. Nc3 Nc6 6. Bf4 Ne4 7. e3 Nxc3 8.
bxc3 g6 9. Be2 Bg7 10. O-O O-O 11. c4 dxc4 12. Bxc4 Bf5 13. h3 Rc8 14. Qe2 Na5
15. Bd3 Bxd3 16. Qxd3 Qd7 17. Qa3 b6 18. Rfc1 e6 19. Qd3 Rxc1+ 20. Rxc1 Rc8 21.
Rxc8+ Qxc8 22. d5 exd5 23. Qxd5 Nc6 24. Ng5 Nd8 25. Ne4 Ne6 26. Bg3 h5 27. h4
Kh7 28. Kh2 a6 29. f4 Qd8 30. Qb7 f5 31. Qf7 fxe4 32. Qxe6 Bf6 33. Qxe4 Bxh4
34. Qb7+ Kh6 35. Qxa6 Bxg3+ 36. Kxg3 Qd2 37. Kf3 Qd5+ 38. Kf2 b5 39. Qa5 g5 40.
Qb6+ Kg7 41. Qc7+ Kh6 42. Kg3 gxf4+ 43. exf4 Qg8+ 44. Kh2 Qg4 45. Qd6+ Kg7 46.
Qe7+ Kg6 47. Qe8+ Kg7 48. Qe3 h4 49. Kg1 Kg6 50. Kf2 Kf5 51. Qe5+ Kg6 52. Qe8+
Kg7 53. Qe3 Kf6 54. Qf3 Qf5 55. Qc6+ Kg7 56. Qc7+ Kg6 57. Qd6+ Kf7 58. a3 h3
59. Qc7+ Kg6 60. Qc6+ Kh7 61. g3 h2 62. Qb7+ Kg6 63. Kg2 Qc2+ 64. Kh1 Qb2 65.
Qf3 Kf7 66. g4 Kg6 67. Qe4+ Kf7 68. Qd5+ Kf8 69. Qd6+ Kf7 70. Qd5+ Kf8 71. Qc5+
Kf7 72. Qc7+ Kg6 73. Qb6+ Kf7 74. f5 Qxa3 75. Qe6+ Kg7 76. Qg6+ Kf8 77. Qf6+
1/2-1/2

[Event "4NCL (GBR-chT 9394)"]
[Site "Cheltenham"]
[Date "1994.01.23"]
[Round "6.2"]
[White "Horner, Jeff"]
[Black "Cummings, David"]
[Result "1-0"]
[WhiteElo "2384"]
[BlackElo "2376"]
[PlyCount "121"]
[EventDate "1994.01.23"]
[EventType "team"]
[EventCountry "ENG"]
[WhiteTeam "North West Eagles"]
[BlackTeam "Slough"]
[WhiteTeamCountry "ENG"]
[BlackTeamCountry "ENG"]

1. e4 c5 2. Nf3 e6 3. Nc3 a6 4. a4 Nc6 5. Be2 Nf6 6. O-O Qc7 7. d4 cxd4 8. Nxd4
Bb4 9. Qd3 h5 10. Nxc6 bxc6 11. f4 d5 12. e5 Ng4 13. Qg3 Bb7 14. Bxg4 hxg4 15.
Qxg4 O-O-O 16. h3 c5 17. Qe2 Qc6 18. Rf3 d4 19. Na2 Ba5 20. b4 cxb4 21. Rb1 Bb6
22. Kh2 a5 23. Nxb4 axb4 24. Rxb4 d3 25. cxd3 Qxc1 26. Rc4+ Qxc4 27. dxc4 Bxf3
28. Qxf3 Kc7 29. Qa3 Rd7 30. a5 Ba7 31. a6 Rb8 32. Qa5+ Bb6 33. Qa4 Ba7 34.
Qa5+ Bb6 35. Qa3 Ba7 36. Kg3 g6 37. Kg4 Rb6 38. Qc5+ Kb8 39. Qf8+ Kc7 40. Qc5+
Kb8 41. Kg5 Rc7 42. Qf8+ Rc8 43. Qxf7 Rxc4 44. Kxg6 Rxa6 45. h4 Rc7 46. Qf6 Kb7
47. h5 Bc5 48. h6 Ra2 49. g4 Rh2 50. Qd8 Rc8 51. Qd7+ Rc7 52. Qd3 Bf8 53. g5
Kc8 54. Qa6+ Kd7 55. Qb5+ Rc6 56. h7 Kc7 57. Qd3 Rc1 58. Kf7 Bc5 59. g6 Rch1
60. Kxe6 Rh6 61. f5 1-0

[Event "4NCL (GBR-chT 9394)"]
[Site "Cheltenham"]
[Date "1994.01.23"]
[Round "6.3"]
[White "Richardson, John"]
[Black "Quillan, Gary"]
[Result "1-0"]
[WhiteElo "2288"]
[BlackElo "2300"]
[PlyCount "119"]
[EventDate "1994.01.23"]
[EventType "team"]
[EventCountry "ENG"]
[WhiteTeam "Slough"]
[BlackTeam "North West Eagles"]
[WhiteTeamCountry "ENG"]
[BlackTeamCountry "ENG"]

1. d4 Nf6 2. c4 c5 3. d5 d6 4. g3 g6 5. b3 Bg7 6. Bb2 O-O 7. Bg2 e6 8. dxe6
fxe6 9. Nh3 Nc6 10. O-O Qd7 11. Nc3 b6 12. Nb5 Ne8 13. Bxg7 Kxg7 14. Nf4 Bb7
15. Bh3 Rf6 16. Nd5 Rf7 17. Qd2 Nd8 18. Nf4 a6 19. Nc3 Qe7 20. Rad1 Bc6 21. Qe3
Nc7 22. Rd2 e5 23. Nfd5 Bxd5 24. Nxd5 Nxd5 25. Rxd5 Nc6 26. Bg2 Raf8 27. Rd2
Nd4 28. Qe4 h5 29. e3 Nf5 30. Rfd1 Rf6 31. Qc6 Rd8 32. Rd5 Qa7 33. Qa4 Rdf8 34.
R5d2 Rd8 35. Be4 Ne7 36. b4 cxb4 37. Qxb4 Qc7 38. Kg2 Nc6 39. Qa4 Na5 40. Rc2
Nb7 41. Rb1 Rc8 42. Qb4 Nc5 43. Bd5 Rb8 44. Qc3 Qd7 45. Rd2 Qf5 46. Qc2 e4 47.
Kg1 h4 48. Qd1 hxg3 49. fxg3 Rbf8 50. Qe2 Qg5 51. Rdd1 Rf2 52. Qxf2 Rxf2 53.
Kxf2 Qf5+ 54. Kg1 Qf3 55. Rf1 Qxe3+ 56. Kh1 Nd3 57. Rf7+ Kh6 58. Rbf1 Ne5 59.
R7f4 Qe2 60. Bxe4 {time} 1-0

[Event "4NCL (GBR-chT 9394)"]
[Site "Cheltenham"]
[Date "1994.01.23"]
[Round "6.4"]
[White "Littlewood, John E"]
[Black "Houska, Miroslav"]
[Result "1-0"]
[WhiteElo "2320"]
[BlackElo "2300"]
[PlyCount "35"]
[EventDate "1994.01.23"]
[EventType "team"]
[EventCountry "ENG"]
[WhiteTeam "North West Eagles"]
[BlackTeam "Slough"]
[WhiteTeamCountry "ENG"]
[BlackTeamCountry "ENG"]

1. e4 d6 2. d4 Nf6 3. Nc3 c6 4. f4 Qa5 5. Bd3 e5 6. Nf3 Bg4 7. Be3 Nxe4 8. Bxe4
f5 9. Bxf5 Bxf5 10. fxe5 dxe5 11. Nxe5 Bb4 12. O-O O-O 13. Rxf5 Rxf5 14. Qg4 g6
15. Rf1 Rxf1+ 16. Kxf1 Qd8 17. Qe6+ Kg7 18. Bh6+ 1-0

[Event "4NCL (GBR-chT 9394)"]
[Site "Cheltenham"]
[Date "1994.01.23"]
[Round "6.5"]
[White "Webb, Richard M"]
[Black "Lund, D Brett"]
[Result "1-0"]
[WhiteElo "2280"]
[BlackElo "2270"]
[PlyCount "141"]
[EventDate "1994.01.23"]
[EventType "team"]
[EventCountry "ENG"]
[WhiteTeam "Slough"]
[BlackTeam "North West Eagles"]
[WhiteTeamCountry "ENG"]
[BlackTeamCountry "ENG"]

1. e4 c5 2. Nf3 e6 3. Nc3 a6 4. d4 cxd4 5. Nxd4 d6 6. Be3 b5 7. Qd2 Bb7 8. f3
Nd7 9. a4 bxa4 10. Rxa4 Ngf6 11. Be2 Be7 12. Nb3 O-O 13. O-O Qc7 14. Rfa1 Nb6
15. Rb4 Nfd7 16. Na4 Nxa4 17. Rbxa4 d5 18. Bxa6 Bc6 19. Bb5 Rxa4 20. Bxa4 dxe4
21. Bxc6 Qxc6 22. Nd4 Qb7 23. Nb3 Qc8 24. fxe4 Rd8 25. Qe2 Bf6 26. c3 Be5 27.
Nd4 Nf6 28. Nf3 Bb8 29. Bg5 Qc5+ 30. Kh1 h6 31. Bxf6 gxf6 32. Rd1 Rf8 33. g3
Qc6 34. Kg2 Ba7 35. Nd4 Qb7 36. Nf3 Kg7 37. b4 Rc8 38. Rd3 Qb5 39. Qd2 Qc4 40.
Rd7 Bb6 41. e5 f5 42. Ng5 Rf8 43. Nxe6+ Qxe6 44. Rd6 Rd8 45. Rxd8 Bxd8 46. Qxd8
Qc6+ 47. Kh3 Qxc3 48. Qf6+ Kg8 49. Qxf5 Qb3 50. Qc8+ Kg7 51. Qg4+ Kf8 52. Qf4
Qe6+ 53. Kh4 Qb6 54. b5 Ke8 55. Qc4 Qd8+ 56. Kh3 Qd7+ 57. Kg2 Qd2+ 58. Kh3 Qd7+
59. g4 Kd8 60. b6 Ke8 61. Kg3 Qb7 62. Qd4 Qh1 63. Qe3 Qc6 64. h3 Qd5 65. Kh4
Qc6 66. Qd4 Qf3 67. Qd6 h5 68. Qf6 Qe4 69. e6 fxe6 70. b7 Qxb7 71. Qh8+ 1-0

[Event "4NCL (GBR-chT 9394)"]
[Site "Cheltenham"]
[Date "1994.01.23"]
[Round "6.6"]
[White "Smith, Alan A"]
[Black "Smith, Andrew P"]
[Result "0-1"]
[WhiteElo "2265"]
[BlackElo "2290"]
[PlyCount "76"]
[EventDate "1994.01.23"]
[EventType "team"]
[EventCountry "ENG"]
[WhiteTeam "North West Eagles"]
[BlackTeam "Slough"]
[WhiteTeamCountry "ENG"]
[BlackTeamCountry "ENG"]

1. e4 e5 2. Nf3 d6 3. Bc4 Qf6 4. Nc3 c6 5. d4 h6 6. Be3 Nd7 7. Qd2 Be7 8. O-O-O
Bd8 9. Ne2 Ne7 10. Ng3 Bc7 11. h4 Qg6 12. dxe5 dxe5 13. Qc3 O-O 14. Qa3 Re8 15.
Bg5 Nb6 16. Bb3 hxg5 17. hxg5 Bg4 18. Rh2 Bxf3 19. Rdh1 Qxg5+ 20. Kb1 Ng6 21.
gxf3 Bd8 22. Nf5 Bf6 23. Qa5 Red8 24. Qe1 Rd2 25. c3 Rad8 26. Qf1 Qf4 27. Qh3
Nh4 28. a4 Rxb2+ 29. Kxb2 Qd2+ 30. Kb1 Qxc3 31. f4 Rd3 32. Qxd3 Qxd3+ 33. Bc2
Qc3 34. Rh3 Qb4+ 35. Rb3 Qc4 36. Nxh4 Bxh4 37. Rxh4 Qf1+ 38. Ka2 Qxf2 0-1

[Event "4NCL (GBR-chT 9394)"]
[Site "Cheltenham"]
[Date "1994.01.23"]
[Round "6.7"]
[White "Noyce, Robert"]
[Black "James, David"]
[Result "1/2-1/2"]
[WhiteElo "2230"]
[BlackElo "2255"]
[PlyCount "29"]
[EventDate "1994.01.23"]
[EventType "team"]
[EventCountry "ENG"]
[WhiteTeam "Slough"]
[BlackTeam "North West Eagles"]
[WhiteTeamCountry "ENG"]
[BlackTeamCountry "ENG"]

1. e4 c5 2. Nc3 d6 3. Bb5+ Bd7 4. Bxd7+ Qxd7 5. f4 Nc6 6. Nf3 g6 7. O-O Bg7 8.
d3 Nf6 9. h3 O-O 10. g4 Ne8 11. f5 e6 12. Nh4 Nd4 13. Bg5 h6 14. Be3 Kh7 15.
fxg6+ 1/2-1/2

[Event "4NCL (GBR-chT 9394)"]
[Site "Cheltenham"]
[Date "1994.01.23"]
[Round "6.8"]
[White "Sheldon, Ruth"]
[Black "Houska, Jovanka"]
[Result "1/2-1/2"]
[WhiteElo "2040"]
[BlackElo "1872"]
[PlyCount "61"]
[EventDate "1994.01.23"]
[EventType "team"]
[EventCountry "ENG"]
[WhiteTeam "North West Eagles"]
[BlackTeam "Slough"]
[WhiteTeamCountry "ENG"]
[BlackTeamCountry "ENG"]

1. d4 d5 2. c4 c6 3. Nc3 Nf6 4. Bg5 e6 5. e3 Be7 6. Nf3 Nbd7 7. Be2 Nb6 8. c5
Nbd7 9. b4 b6 10. b5 Bb7 11. cxb6 axb6 12. bxc6 Bxc6 13. O-O O-O 14. Qb3 Ra3
15. Qb2 Qa8 16. Ne5 h6 17. Nxc6 Qxc6 18. Nb5 Ra5 19. Rfc1 Qa8 20. Bf4 Rc8 21.
Rxc8+ Qxc8 22. a4 g5 23. Bd6 Rxb5 24. Bxb5 Bxd6 25. Rc1 Qb8 26. g3 Nf8 27. Rc6
N8d7 28. Qc2 Nf8 29. Qb2 N8d7 30. Qc2 Nf8 31. Qb2 1/2-1/2

[Event "4NCL (GBR-chT 9394)"]
[Site "Liverpool"]
[Date "1994.03.19"]
[Round "7.1"]
[White "Flear, Glenn C"]
[Black "Summerscale, Aaron"]
[Result "1/2-1/2"]
[WhiteElo "2500"]
[BlackElo "2355"]
[PlyCount "28"]
[EventDate "1994.03.19"]
[EventType "team"]
[EventCountry "ENG"]
[WhiteTeam "Barbican"]
[BlackTeam "Slough"]
[WhiteTeamCountry "ENG"]
[BlackTeamCountry "ENG"]

1. d4 d5 2. c4 c6 3. Nc3 Nf6 4. e3 a6 5. Nf3 b5 6. b3 Bg4 7. Be2 e6 8. Ne5 Bxe2
9. Qxe2 Bd6 10. Bb2 O-O 11. O-O Qc7 12. Rac1 Qb7 13. e4 b4 14. Na4 Nxe4 1/2-1/2

[Event "4NCL (GBR-chT 9394)"]
[Site "Liverpool"]
[Date "1994.03.19"]
[Round "7.2"]
[White "Cummings, David"]
[Black "Britton, Richard"]
[Result "1-0"]
[WhiteElo "2376"]
[BlackElo "2305"]
[PlyCount "41"]
[EventDate "1994.03.19"]
[EventType "team"]
[EventCountry "ENG"]
[WhiteTeam "Slough"]
[BlackTeam "Barbican"]
[WhiteTeamCountry "ENG"]
[BlackTeamCountry "ENG"]

1. d4 Nf6 2. c4 g6 3. Nc3 Bg7 4. e4 d6 5. f3 O-O 6. Be3 e5 7. Nge2 Nbd7 8. Qd2
Re8 9. d5 a6 10. g4 Nb6 11. Ng3 c6 12. h4 cxd5 13. cxd5 Qc7 14. h5 Nfd7 15. Bh6
Nf8 16. Bxg7 Kxg7 17. Nf5+ Bxf5 18. exf5 f6 19. hxg6 hxg6 20. Qh6+ Kf7 21. Qh7+
1-0

[Event "4NCL (GBR-chT 9394)"]
[Site "Liverpool"]
[Date "1994.03.19"]
[Round "7.3"]
[White "Pritchett, Craig"]
[Black "Richardson, John"]
[Result "1/2-1/2"]
[WhiteElo "2360"]
[BlackElo "2288"]
[PlyCount "60"]
[EventDate "1994.03.19"]
[EventType "team"]
[EventCountry "ENG"]
[WhiteTeam "Barbican"]
[BlackTeam "Slough"]
[WhiteTeamCountry "ENG"]
[BlackTeamCountry "ENG"]

1. Nf3 Nf6 2. c4 e6 3. Nc3 d5 4. d4 Bb4 5. cxd5 exd5 6. Bg5 h6 7. Bxf6 Qxf6 8.
e3 c6 9. Be2 O-O 10. O-O Bd6 11. a3 Nd7 12. b4 Re8 13. b5 Qe7 14. bxc6 bxc6 15.
Qa4 Nb6 16. Qxc6 Bb7 17. Qb5 Rec8 18. Qb3 Nc4 19. Nb5 Bb8 20. Rfe1 a6 21. Nc3
Qc7 22. Rac1 Nd2 23. Qb2 Nxf3+ 24. Bxf3 Qxh2+ 25. Kf1 Bc6 26. Nxd5 Bd6 27. Rxc6
Rxc6 28. Nf6+ gxf6 29. Bxc6 Rc8 30. Bf3 Bxa3 1/2-1/2